000 00409nam a2200157 i 4500
001 bg
100 1 _aDZIENIO, Kazimierz
245 0 _aPolityka ludnościowa europejskich krajów socjalistycznych /
_cK. Dzienio, M. Latuch.
260 _aWarszawa,
_c1983.
700 1 _aLATUCH, Mikołaj
040 _cBPK
041 _apol
080 _a312(4-11)
942 _cKS
008 s pl f |000 0 pol
999 _c3262
_d3262
856 _uhttp://koha.tu.koszalin.pl/cgi-bin/koha/opac-detail.pl?biblionumber=3262
_yKatalog online BPK